000 00728nam 22001933 4500
001 201470
010 _a978-972-31-1258-0
021 _b273344/08
090 _a201470
100 _a20260323d u||y0pory50 ba
200 _aA semântica do objecto
_easpecto e determinção nominal
_fSusana Gomes Costa Pereira
210 _aLisboa
_cFundação Calouste Gulbenkian, Fundação para a Ciência e a Tecnologia, Ministério da Ciência, Tecnologia e Ensino superior
_d2009
215 _a467 p.
_cbrochado
_d23 cm
606 _911269
_aQuestões gerais em linguística e literatura. Filologia
675 _a80
_vPT
_zpor
700 _916952
_aPereira
_bSusana Gomes Costa
801 _aPT
_bBMMN
_gRPC
830 _cFernando
_fFernando
990 _cLIVROS